NBA Players with the Most Technical Fouls - Statistics

General Stats
  • This quiz has been taken 320 times
  • The average score is 11 of 20
Answer Stats
Team # of Technical Fouls Answer % Correct
Jazz 332 Karl Malone
91%
Warriors 131 Draymond Green
89%
Lakers 150 Shaquille O'Neal
78%
Timberwolves 172 Kevin Garnett
77%
Trail Blazers 317 Rasheed Wallace
75%
Thunder 183 Russell Westbrook
73%
SuperSonics 250 Gary Payton
70%
Lakers 166 Kobe Bryant
70%
Mavericks 192 Dirk Nowitzki
68%
Pacers 161 Reggie Miller
66%
Pistons 212 Dennis Rodman
63%
Nuggets 156 Carmelo Anthony
62%
Magic 178 Dwight Howard
62%
Pacers 146 Jermaine O'Neal
58%
76ers 329 Charles Barkley
46%
Knicks 168 Charles Oakley
31%
Kings 137 Demarcus Cousins
28%
Knicks 192 Anthony Mason
14%
Celtics 144 Antoine Walker
12%
Hawks 170 Kevin Willis
8%
No matching quizzes found
Score Distribution
Percent of People with Each Score
Percentile by Number Answered
Your Score History
You have not taken this quiz